| 000 | 00427nam a2200157Ia 4500 | ||
|---|---|---|---|
| 008 | 210716s2009 xx 000 0 und d | ||
| 020 | _a9788120336148 | ||
| 041 | _aeng | ||
| 082 | _a658.4038 MOHS | ||
| 100 | _aMohapatra, Sanjay. | ||
| 245 | _aCases in management information systems. | ||
| 250 | _a1 | ||
| 260 |
_aNew Delhi _bPHI Learning Pvt Ltd _c2009 |
||
| 300 | _axiii, 250 | ||
| 650 | _aManagement Information Systems | ||
| 999 |
_c203821 _d203821 |
||